00342nam a22001337a 4500003000400000008004100004082001300045100003600058245004800094250000800142260003600150300000800186650001400194OSt210814b ||||| |||| 00| 0 eng d a210bMABG aSwami Shree Giananandji Maharaj aBhagvad Gita: A Blissful Global Inspiration a1st aDelhibManoj Publicationsc2014 a847 aReligious